LEADER 01203nam a2200313 i 4500 001 991001296319707536 005 20020507114023.0 008 970308s1963 at ||| | eng 035 $ab10200824-39ule_inst 035 $aLE00645420$9ExL 040 $aDip.to Fisica$bita 084 $a53(082.2) 084 $a53.3 084 $aQC173 111 2 $aSeminar on theoretical physics$0464272 245 10$aTheoretical physics :$blectures presented at the Seminar organized by the International Atomic Energy Agency /$cAbdus Salam (dir.) ; contributions by R. Capps...[et al.] 260 $aVienna :$bIAEA,$c1963 300 $a637 p. :$bill. ;$c24 cm. 650 4$aNuclear physics 650 4$aQuantum field theory 700 1 $aCapps, R. 700 1 $aSalam, Abdus$eauthor$4http://id.loc.gov/vocabulary/relators/aut$0346725 710 2 $aInternational atomic energy agency 907 $a.b10200824$b21-09-06$c27-06-02 912 $a991001296319707536 945 $aLE006 53(042+082.2) IAE$g1$i2006000033688$lle006$o-$pE0.00$q-$rl$s- $t0$u0$v0$w0$x0$y.i10248389$z27-06-02 996 $aTheoretical physics$91445117 997 $aUNISALENTO 998 $ale006$b01-01-97$cm$da $e-$feng$gat $h0$i1 LEADER 02198nam0 2200505 i 450 001 UBO0308327 005 20251003044419.0 010 $a8838607672 020 $aIT$b99-1924 100 $a20161206d1998 ||||0itac50 ba 101 | $aita$ceng 102 $ait 181 1$6z01$ai $bxxxe 182 1$6z01$an 183 1$6z01$anc$2RDAcarrier 200 1 $aTermodinamica e trasmissione del calore$fYunus A. Çengel 205 $aEd. italiana$fa cura di Ettore Cirillo 210 $aMilano$cMcGraw-Hill libri Italia$d1998 215 $aXVI, 689 p.$cill.$d25 cm 225 | $aCollana di istruzione scientifica$i. Serie di fisica tecnica 300 $aTrad. di vari 300 $aEd. italiana ampliata. 410 0$1001MIL0398944$12001 $aCollana di istruzione scientifica$i. Serie di fisica tecnica 500 10$aIntroduction to thermodynamics and heat transfer$3UBO0308333$9MILV131559$927469 606 $aCalore$xTrasmissione$2FIR$3CFIC006958$9E 606 $aTermodinamica applicata$2FIR$3CFIC044051$9E 606 $aCalore$xTrasmissione$2FIR$3CFIC006958$9E 606 $aTermodinamica applicata$2FIR$3CFIC044051$9E 676 $a536.7$9TERMODINAMICA$v19 676 $a536.7$9TERMODINAMICA$v21 676 $a621.402$9INGEGNERIA TERMICA$v14 676 $a621.4021$9$v21 676 $a621.4021$9INGEGNERIA TERMICA. TERMODINAMICA$v22 700 1$aÇengel$b, Yunus A.$3MILV131559$4070$09679 702 1$aCirillo$b, Ettore$3RAVV100062 790 1$aÇengel$b, Yunus Ali$3SBNV119268$zÇengel, Yunus A. 801 3$aIT$bIT-000000$c20161206 850 $aIT-BN0095 $aIT-NA0299 901 $bNAP 01$cSALA DING $n$ 901 $bNAP AG$cI $n$ 912 $aUBO0308327 950 0$aBiblioteca Centralizzata di Ateneo$c1 v. in due copie$d 01SALA DING 621.402 CEN.te$e 0102 0000043965 VMA A4 1 v.$fY $h20071112$i20071112$c1 v. in due copie$d 01SALA DING 621.402 CEN.te$e 0102 0000061615 VMA A4(bis 1 v. (2. copia)$fY $h20071112$i20071112 977 $a 01$a AG 996 $aIntroduction to thermodynamics and heat transfer$927469 997 $aUNISANNIO